Normale Ansicht
MARC-Ansicht
Eintrag Körperschaftsname
001 - Kontrollnummer
- Kontrollfeld: 16954
003 - Kontrollnummer Identifier
- Kontrollfeld: RU-10907106
005 - Datum und Zeit der letzten Transaktion
- Kontrollfeld: 20221118094043.0
008 - Datenelemente mit fester Länge
- Kontrollfeld mit fester Länge: 221118|| aca||aabn | a|a d
040 ## - Katalogisierungsquelle
- Original-Katalogisierungsstelle: RU-10907106
- Übertragungsstelle: RU-10907106
110 ## - Ansetzung - Körperschaftsname
- Körperschafts- oder Gebietskörperschaftsname als Eintragungselement: Bundesministerium fuer Wissenschaft u. Forschung Gemeinsam mit d. Institut fuer Zeitgeschichte d. Universitaet Wien
670 ## - Datenquelle
- Quellenangabe: Work cat.: (RU-10907106)27934: 25 Jahre Staatsvertrag 3 Protokolle d. wissenschaftlichen Symposium 16. u. 17. Mai 1980